Online
Catalog

Pautas, usos y costumbres en el lenguaje dominicano / (Record no. 6794)

MARC details
000 -CABECERA
campo de control de longitud fija 00973nam a2200289 i 4500
001 - NÚMERO DE CONTROL
campo de control 000007010
003 - IDENTIFICADOR DEL NÚMERO DE CONTROL
campo de control DO-SdBNP
005 - FECHA Y HORA DE LA ÚLTIMA TRANSACCIÓN
campo de control 20260318102249.0
007 - CAMPO FIJO DE DESCRIPCIÓN FÍSICA--INFORMACIÓN GENERAL
campo de control de longitud fija ta
008 - DATOS DE LONGITUD FIJA--INFORMACIÓN GENERAL
campo de control de longitud fija 090904s1988 dr r 001 0 spa d
040 ## - FUENTE DE LA CATALOGACIÓN
Centro catalogador/agencia de origen DO-SdBNP
Lengua de catalogación spa
Centro/agencia transcriptor BNPHU
Normas de descripción rda
041 ## - CÓDIGO DE LENGUA
Código de lengua del texto/banda sonora o título independiente spa
082 #4 - NÚMERO DE LA CLASIFICACIÓN DECIMAL DEWEY
Número de clasificación xxx
Número de documento/Ítem C183p
Número de edición 22
100 1# - ENTRADA PRINCIPAL--NOMBRE DE PERSONA
Nombre de persona Camilo de Cuello, Lourdes,
Término indicativo de función/relación autor
Código de función/relación aut.
9 (RLIN) 13081
245 10 - MENCIÓN DE TÍTULO
Título Pautas, usos y costumbres en el lenguaje dominicano /
Mención de responsabilidad, etc. Lourdes Camilo de Cuello.
264 #4 - PRODUCCIÓN, PUBLICACIÓN, DISTRIBUCIÓN, FABRICACIÓN Y COPYRIGHT
Producción, publicación, distribución, fabricación y copyright Santo Do,mingo :
Nombre del de productor, editor, distribuidor, fabricante Ediciones de Taller,
Fecha de producción, publicación, distribución, fabricación o copyright ©1988.
300 ## - DESCRIPCIÓN FÍSICA
Extensión 164 páginas ;
Dimensiones 17 cm.
336 ## - TIPO DE CONTENIDO
Término de tipo de contenido texto
Código de tipo de contenido txt
Fuente rdacontent
337 ## - TIPO DE MEDIO
Nombre/término del tipo de medio sin mediación
Código del tipo de medio n
Fuente rdamedia
338 ## - TIPO DE SOPORTE
Nombre/término del tipo de soporte volumen
Código del tipo de soporte nc
Fuente rdacarrier
490 1# - MENCIÓN DE SERIE
Mención de serie Biblioteca Taller
Designación de volumen o secuencia 264
500 ## - NOTA GENERAL
Nota general Incluye índice alfabético de nombres y materias
500 ## - NOTA GENERAL
Nota general Incluye referencias bibliográficas y notas al pie de las páginas
504 ## - NOTA DE BIBLIOGRAFÍA, ETC.
Nota de bibliografía, etc. Bibliografía : páginas 149-151
590 ## - NOTA LOCAL (RLIN)
Nota local Inventariado, 2019/BT
942 ## - ELEMENTOS DE PUNTO DE ACCESO ADICIONAL (KOHA)
Fuente del sistema de clasificación o colocación Dewey Decimal Classification
Tipo de ítem Koha Libro
Holdings
Estado de retiro Estado de pérdida Fuente del sistema de clasificación o colocación Restricciones de uso No para préstamo Código de colección Localización permanente Ubicación/localización actual Ubicación en estantería Fecha de adquisición Fuente de adquisición Total de préstamos Signatura topográfica completa Código de barras Fecha visto por última vez Número de copia Precio válido a partir de Tipo de ítem Koha Nota pública
    Dewey Decimal Classification Préstamo en sala   Dominicana de Servicio Biblioteca Nacional Pedro Henríquez Ureña Biblioteca Nacional Pedro Henríquez Ureña En catalogación 16.03.2010 Donación   BNPHU DS C183p 7010-30 25.06.2020 e.3 25.06.2020 Libro Dedicado. Perteneció a la biblioteca personal de Mónica Peña y Gamundi.
    Dewey Decimal Classification Préstamo en sala   Dominicana de Servicio Biblioteca Nacional Pedro Henríquez Ureña Biblioteca Nacional Pedro Henríquez Ureña Extraviado 16.03.2010     BNPHU DS C183p 7010-40 25.06.2020 e.4 25.06.2020 Libro  
    Dewey Decimal Classification Préstamo en sala   Dominicana de Servicio Biblioteca Nacional Pedro Henríquez Ureña Biblioteca Nacional Pedro Henríquez Ureña Extraviado 16.03.2010     BNPHU DS C183p 7010-50 25.06.2020 e.5 25.06.2020 Libro  
    Dewey Decimal Classification Excluido de préstamo   Patrimonio Dominicano Biblioteca Nacional Pedro Henríquez Ureña Biblioteca Nacional Pedro Henríquez Ureña En catalogación 04.09.2009     BNPHU PD C183p 7010-10 25.06.2020   25.06.2020 Libro  
    Dewey Decimal Classification Excluido de préstamo   Patrimonio Dominicano Biblioteca Nacional Pedro Henríquez Ureña Biblioteca Nacional Pedro Henríquez Ureña En catalogación 02.12.2009 Donado por FUNDI   BNPHU PD C183p 7010-20 25.06.2020 e.2 25.06.2020 Libro Dedicado.

Powered by Koha